Подробности
| 000 -МАРКЕР |
| контрольное поле |
02288nam2a2200301 4500 |
| 001 - ИДЕНТИФИКАТОР ЗАПИСИ |
| контрольное поле |
RU\NLR\BIBL_A\012822441 |
| 005 - ИДЕНТИФИКАТОР ВЕРСИИ |
| контрольное поле |
20220704113702.0 |
| 010 ## - МЕЖДУНАРОДНЫЙ СТАНДАРТНЫЙ НОМЕР КНИГИ (ISBN) |
| Номер (ISBN) |
978-5-88678-386-5 |
| Тираж |
700 |
| 021 ## - НОМЕР ГОСУДАРСТВЕННОЙ РЕГИСТРАЦИИ |
| Код страны |
Российская Федерация |
| Номер |
КН-П-22-016387 |
| Номер Листа государственной регистраци |
КН-П-22-1410 |
| 035 ## - ДРУГИЕ СИСТЕМНЫЕ НОМЕРА |
| Идентификатор записи |
(NLR Aleph) 012822441 |
| 035 ## - ДРУГИЕ СИСТЕМНЫЕ НОМЕРА |
| Идентификатор записи |
(RuMoRGB)011010516 |
| 100 ## - ДАННЫЕ ОБЩЕЙ ОБРАБОТКИ |
| Данные общей обработки |
20220620d2021 k y0rusy50 ca |
| 101 0# - ЯЗЫК РЕСУРСА |
| Язык текста, звукозаписи и т.д. |
русский |
| 102 ## - СТРАНА ПУБЛИКАЦИИ ИЛИ ПРОИЗВОДСТВА |
| Страна публикации |
Российская Федерация |
| 105 ## - ПОЛЕ КОДИРОВАННЫХ ДАННЫХ: ТЕКСТОВЫЕ МАТЕРИАЛЫ, МОНОГРАФИЧЕСКИЕ |
| Кодированные данные о монографическом текстовом документе |
|||z|||000zy |
| 200 1# - ЗАГЛАВИЕ И СВЕДЕНИЯ ОБ ОТВЕТСТВЕННОСТИ |
| Основное заглавие |
Погребения XVII - первой трети XVIII века |
| Сведения, относящиеся к заглавию |
[сборник] |
| Первые сведения об ответственности |
Е.И. Александровская, Т.Н. Барсукова, С.Б. Боруцкая [и др.] |
| Обозначение и номер части |
ч. 1 |
| 210 ## - ПУБЛИКАЦИЯ, РАСПРОСТРАНЕНИЕ И ДР. |
| Дата издания, распространения и т.д. |
2021 |
| 215 ## - ФИЗИЧЕСКАЯ ХАРАКТЕРИСТИКА |
| Специфическое обозначение материала и объем |
391 с. |
| Другие сведения о физической характеристике |
ил., табл. |
| 300 ## - ОБЩИЕ ПРИМЕЧАНИЯ |
| Текст примечания |
Авт. указаны на обороте тит. с. |
| 320 ## - ПРИМЕЧАНИЯ О НАЛИЧИИ В ДОКУМЕНТЕ БИБЛИОГРАФИИ / УКАЗАТЕЛЯ |
| Текст примечания |
Библиогр. в конце ст. |
| 461 #0 - УРОВЕНЬ НАБОРА |
| Встроенное поле |
001RU\NLR\bibl\1498290 |
| -- |
2001#$aНекрополь русских великих княгинь и цариц в Вознесенском монастыре Московского Кремля$eматериалы исследований$eв 4 т.$f[Е.И. Александровская, В.А. Бацевич, А.А. Булычев и др.$gотв. ред.-сост.: д. ист. н. Т.Д. Панова$gМ-во культуры Рос. Федерации, Федер. гос. учреждение культуры "Гос. ист.-культур. музей-заповедник "Моск. Кремль"]$vТ. 4 |
| Системный номер (АБИС) связанной записи |
1756167 |
| Место публикации |
Москва |
| Дата публикации |
2009 |
| Первые сведения об ответственности |
[Е.И. Александровская, В.А. Бацевич, А.А. Булычев и др. |
| Имя издателя, распространителя и т.д. |
Федеральное государственное учреждение культуры "Государственный историко-культурный музей-заповедник "Московский Кремль"] |
| Сведения, относящиеся к заглавию |
материалы исследований : в 4 т. |
| Заглавие |
Некрополь русских великих княгинь и цариц в Вознесенском монастыре Московского Кремля |
| Номер тома |
Т. 4 |
| 701 #1 - ИМЯ ЛИЦА - АЛЬТЕРНАТИВНАЯ ОТВЕТСТВЕННОСТЬ |
| Начальный элемент ввода |
Барсукова |
| Часть имени, кроме начального элемента ввода |
Т. Н. |
| 701 #1 - ИМЯ ЛИЦА - АЛЬТЕРНАТИВНАЯ ОТВЕТСТВЕННОСТЬ |
| Начальный элемент ввода |
Боруцкая |
| Часть имени, кроме начального элемента ввода |
С. Б. |
| Расширение инициалов личного имени |
Светлана Борисовна |
| 942 ## - ДОПОЛНИТЕЛЬНЫЕ ЭЛЕМЕНТЫ ЗАПИСИ (АБИС) |
| Тип экземпляра АБИС |
Книга |
| 980 ## - КОЛЛЕКЦИЯ |
| Название коллекции |
Национальная библиография |